Delincuencia informática en Argentina y Mercosur (Registro nro. 9657)

Detalles MARC
000 -Cabecera
Campo de control de longitud fija 00675nam a22002537a 4500
005 - Fecha y hora de la última transacción
Campo de control 20260309164631.0
008 - Elementos de longitud fija--Información general
Campo de control de longitud fija 170720b2009 xxu||||| |||| 00| 0 spa d
020 ## - International Standard Book Number
Número Internacional Estándar del Libro (ISBN) 9789505742486
041 ## - Idioma
Código de idioma Español
082 ## - Clasificación Decimal Dewey
Número de clasificación 364.147 R594d
100 ## - Entrada principal--Autor personal
Nombre personal Riquert, Marcelo
9 (RLIN) 43473
245 ## - Título propiamente dicho
Título Delincuencia informática en Argentina y Mercosur
260 ## - Pie de imprenta
Lugar de publicación, distribución, etc. Argentina
260 ## - Pie de imprenta
Nombre del editor, distribuidor, etc. Edir
260 ## - Pie de imprenta
Fecha de publicación, distribución, etc. 2009
300 ## - Descripción física
Extensión 258 páginas
490 ## - Serie
Título de la Serie Investigación Criminal
650 ## - Materia general
Temática (materia general) DELITOS INFORMATICOS
650 ## - Materia general
Temática (materia general) DERECHO
650 ## - Materia general
Temática (materia general) DELINCUENCIA INFORMÁTICA
650 ## - Materia general
Temática (materia general) PROPIEDAD INTELECTUAL
650 ## - Materia general
Temática (materia general) PROTECCIÓN DE DATOS PERSONALES
942 ## - Punto de acceso adicional KOHA
Tipo de ítem KOHA Libro
Fuente del sistema de clasificación o colocación Dewey Decimal Classification
Existencias
Signatura completa Código de barras Programa Académico Tipo de ítem
364.147 R594d 22383 Investigación Criminal Libro